00231nam a2200097Ia 4500008004100000100000900041245004900050260001800099300000800117650000800125191201s2010 xx 000 0 und d aIPMA 0aBetter Practices of Project Management V.0.3 a-bIPMAc2010 a200 aMBA